000 00478nam a2200169 i 4500
001 55694
003 ES-MaACL
005 20230906163211.0
007 t|
008 030925s1961 sp ||||1| cat d
100 1 _aDeulofeu, Alejandro.
_943975
245 1 2 _aL'empordáa
_b: bressol de l'art romáanic /
_cA. Deulofeu.
250 _a[1ª ed.].
260 _aBarcelona :
_b[s.n.,
_c1961]
300 _a214 p., 8 lám., 8 map. ;
_c18 cm.
852 _aES-MaACL
_jC-21223
_bR.49506
999 _c55694
_d55694